000 01813nam a2200277 a 4500
001 000014712
003 DO-SdBNP
005 20240412074241.0
007 ta
008 100119s2001 dr r 000 1 spa d
040 _aDO-SdBNP
_bspa
_cBNPHU
082 4 _aRD861.44
_bH765m
_222
245 0 0 _aHomenaje a las madres dominicanas :
_ba través de 20 de nuestros poetas más representativos /
_ccompilación y prólogo Mateo Morrison.
260 _aSanto Domingo :
_bBaninter,
_c2001.
300 _a58 p. ;
_c22 cm.
490 1 _aEspacios culturales
_v14
505 2 _aA mi madre /
_rSalomé Ureña de Henríquez --
_tOración a la madre ida /
_rManuel Llanes --
_tMi vieja se muere /
_rDomingo Moreno Jimenes --
_tRemate /
_rManuel del Cabral --
_tLos caballos de suro vienen por el viento /
_rFranklin Mieses Burgos --
_tMaternidad /
_rManuel Rueda --
_tA mi madre /
_rAntonio Fernández Spéncer --
_tLa casa /
_rAída Cartagena Portalatín --
_t¡Duele Enérsida! /
_rVíctor Villegas --
_tComo la fuente /
_rLupo Hernández Rueda.
505 2 _aLlueve y es que es mayo dulce señora /
_rMáximo Avilés Blonda --
_tClavel encendido /
_rRodolfo Coiscou Weber --
_tPalabras para una madre muerta /
_rAbel fernández Mejía --
_tAmor infinito, abnegación infinita /
_rAbel abreu Mejía --
_tMadre mujer /
_rFedrico Jóvine Bermúdez --
_tIniciación del sobresalto /
_rMateo Morrison --
_tCarta a mamá en blanco y negro /
_rLuis Manuel Ledesma --
_tAmada --
_rTony Raful /
_tMeciéndose en su agua /
_rMiguel Antonio Jiménez --
_tMadre /
_rCarmen Sánchez.
590 _aInventariado, 2018/BT
650 4 _aPoesía dominicana
_966
650 0 _aLiteratura dominicana.
_967
700 1 _aMorrison, Mateo,
_d1947-
_ecomp.
_91469
830 0 _aEspacios culturales
_n14
_933367
910 _aValidado. Control de calidad MMOLINA
942 _2ddc
_cLF2
999 _c14295
_d14295